00969nam a22002417a 45000010005000000030006000050050017000110080041000280200018000690400029000870500014001160820008001301000037001382450107001752600036002823000058003185050007003765200236003835210027006195210018006466500033006647000030006978688FISKH20260309135715.0251010b cb ||||| |||| 00| 0 eng d a9781592499946 aFISKHbengcFISKHdFISKH aGV705.S38 a796 aSchwaeber, Barbie Heit eAuthor  aAlphabet of sports : bA Smithsonian alphabet book /cby Barbie Schwaeber ; Illustrated by David Lowe  aNorwalk : bSoundprints ,c2008 a35 unnumbered pages : bcolor illustrations ; c25 cm aJ  aChoose a sport, any sport and start learning, Children will learn through fun rhymes all about baseball, lacrosse, tennis and much more with this energetic look at sports from A to Z! Perfect for the youngest of sports enthusiasts.8 a500 bLexile estimate 8 aJ bRaz-Plus  aChildren's bookvBasketball  aLowe, David eIllustrator